Normal view
MARC view
- تأليف عبد الوهاب، مصطفى ؛ دراسة يوسف الشاروني
Entry Personal Name
001 - CONTROL NUMBER
- control field: 38104
003 - CONTROL NUMBER IDENTIFIER
- control field: JO-AjAnu
005 - DATE AND TIME OF LATEST TRANSACTION
- control field: 20230606080340.0
008 - FIXED-LENGTH DATA ELEMENTS
- fixed length control field: 230606|| aca||aabn | a|a d
040 ## - CATALOGING SOURCE
- Original cataloging agency: JO-AjAnu
- Transcribing agency: JO-AjAnu
100 ## - HEADING--PERSONAL NAME
- Personal name: تأليف عبد الوهاب، مصطفى ؛ دراسة يوسف الشاروني
670 ## - SOURCE DATA FOUND
- Source citation: Work cat.: (JO-AjAnu)19549: تأليف عبد الوهاب، مصطفى ؛ دراسة يوسف الشاروني, author, على من الدور؟ : قصص